[Event "VII Festival Piemonte Scacchi A"]
[Site "Torino ITA"]
[Date "2007.06.21"]
[Round "1"]
[White "Gallucci, Alessio"]
[Black "Viglino, Antonio"]
[Result "1-0"]
[WhiteElo "1994"]
[BlackElo "1847"]
[PlyCount "88"]
[EventDate "2007.06.21"]

1. e4 c5 2. Nf3 Nc6 3. d4 cxd4 4. Nxd4 g6 5. c4 Bg7 6. Be3 Nf6 7. Nc3 d6 8. Be2
O-O 9. O-O Nxd4 10. Bxd4 Be6 11. b3 a6 12. f4 Qa5 13. Bf3 Rab8 14. Qe1 Rfc8 15.
e5 Nd7 16. Nd5 Qxe1 17. Raxe1 Bxd5 18. Bxd5 e6 19. Bf3 Rc7 20. Ba7 dxe5 21.
Bxb8 Nxb8 22. fxe5 Nd7 23. Re2 Nxe5 24. Rd1 Kf8 25. Red2 Bf6 26. Kf2 Nxf3 27.
Kxf3 Ke8 28. Ke4 Be7 29. g4 g5 30. Rd3 h6 31. Rf1 Bf8 32. Rc1 Ba3 33. Rc2 Bb4
34. Rh3 Bf8 35. Kd3 a5 36. Ke4 Bg7 37. a3 Bf8 38. b4 axb4 39. axb4 Bxb4 40.
Rxh6 b5 41. Rh8+ Ke7 42. Rb8 Rc5 43. Rxb5 f5+ 44. Kf3 f4 1-0

[Event "VII Festival Piemonte Scacchi A"]
[Site "Torino ITA"]
[Date "2007.06.21"]
[Round "1"]
[White "Martin, Tiziano"]
[Black "Biancotti, Alessandro"]
[Result "1-0"]
[WhiteElo "2008"]
[BlackElo "1856"]
[PlyCount "53"]
[EventDate "2007.06.21"]

1. d3 c5 2. e4 d6 3. Nc3 Nf6 4. g3 g6 5. Bg2 Nc6 6. Nge2 Bg7 7. O-O O-O 8. h3
a6 9. f4 e6 10. Be3 Qc7 11. d4 cxd4 12. Nxd4 Rd8 13. Qe1 Nxd4 14. Bxd4 Bd7 15.
Qf2 Rac8 16. Bb6 Qc4 17. Bxd8 Nxe4 18. Nxe4 Bd4 19. Nxd6 Bxf2+ 20. Rxf2 Qd4 21.
Nxc8 Bxc8 22. Bc7 b5 23. Be5 Qb6 24. Bf6 h5 25. Rd1 Bb7 26. Bxb7 Qxb7 27. Rd8+
1-0

[Event "VII Festival Piemonte Scacchi A"]
[Site "Torino ITA"]
[Date "2007.06.21"]
[Round "1"]
[White "Matta, Francesca"]
[Black "Boetto, Massimo"]
[Result "1-0"]
[WhiteElo "1909"]
[BlackElo "2039"]
[PlyCount "51"]
[EventDate "2007.06.21"]

1. e4 e6 2. d4 d5 3. Nc3 dxe4 4. Nxe4 Be7 5. Nf3 Nf6 6. Bd3 Nxe4 7. Bxe4 Nd7 8.
O-O Nf6 9. Bd3 h6 10. c3 O-O 11. Ne5 c5 12. dxc5 Bxc5 13. Qe2 Qc7 14. Bf4 Bd6
15. Bg3 b6 16. Rfd1 Bb7 17. Rd2 Rad8 18. Rad1 Qc5 19. Ng4 Nxg4 20. Qxg4 Bxg3
21. Qxg3 Rd5 22. Qf4 Rfd8 23. Bc2 g5 24. Rxd5 Rxd5 25. Qb8+ Bc8 26. Rxd5 1-0

[Event "VII Festival Piemonte Scacchi A"]
[Site "Torino ITA"]
[Date "2007.06.21"]
[Round "1"]
[White "Ranieri, Fabrizio"]
[Black "Finocchiaro, Gianluca"]
[Result "1-0"]
[WhiteElo "2243"]
[BlackElo "1939"]
[PlyCount "59"]
[EventDate "2007.06.21"]

1. e4 d6 2. d4 Nf6 3. Nc3 c6 4. Nf3 Bg4 5. Be2 e6 6. O-O d5 7. exd5 cxd5 8. Ne5
Bxe2 9. Qxe2 Nc6 10. Qb5 Qc7 11. Bf4 Bd6 12. Qa4 Bxe5 13. dxe5 Nd7 14. Nb5 Qb8
15. Qa3 Ndxe5 16. Nd6+ Kd7 17. Nxf7 Rf8 18. Nxe5+ Nxe5 19. Bg3 Nc4 20. Qd3 Qe8
21. b3 Nd6 22. c4 Qg6 23. Qd2 Ne4 24. Qb4 Nxg3 25. Qxb7+ Kd6 26. hxg3 Rfb8 27.
c5+ Kxc5 28. Qc7+ Kb5 29. b4 Qe8 30. a4+ 1-0

[Event "VII Festival Piemonte Scacchi A"]
[Site "Torino ITA"]
[Date "2007.06.21"]
[Round "1"]
[White "Saccona, Silvano"]
[Black "Banchio, Davide"]
[Result "1-0"]
[WhiteElo "2159"]
[BlackElo "1937"]
[PlyCount "63"]
[EventDate "2007.06.21"]

1. d4 Nf6 2. Nf3 g6 3. Bf4 Bg7 4. e3 d6 5. Be2 O-O 6. O-O Nbd7 7. h3 Qe8 8. c3
e5 9. Bh2 h6 10. Na3 a6 11. dxe5 dxe5 12. Nc4 e4 13. Nfd2 b5 14. Na5 Ne5 15.
Qc2 Nc6 16. Nab3 Qe7 17. a4 b4 18. Nd4 Nxd4 19. cxd4 c5 20. dxc5 Rd8 21. Nb3
Nd5 22. Rfd1 Qg5 23. Kh1 f5 24. Bc4 Be6 25. Nd4 Bf7 26. Qb3 Kh7 27. Nc6 Nxe3
28. fxe3 Rxd1+ 29. Rxd1 Bxc4 30. Qxc4 Qxe3 31. Nxb4 f4 32. Nd5 1-0

[Event "VII Festival Piemonte Scacchi A"]
[Site "Torino ITA"]
[Date "2007.06.21"]
[Round "1"]
[White "Sattanino, Andrea"]
[Black "Vozza, Nicola"]
[Result "0-1"]
[WhiteElo "1855"]
[BlackElo "1995"]
[PlyCount "34"]
[EventDate "2007.06.21"]

1. d4 Nf6 2. c4 g6 3. Nc3 Bg7 4. e4 d6 5. f3 b6 6. Be3 Bb7 7. Qd2 Nbd7 8. Bh6
O-O 9. Bxg7 Kxg7 10. Nge2 c5 11. d5 a6 12. b3 Qc7 13. g4 Ne5 14. Qe3 b5 15.
cxb5 Qa5 16. bxa6 Bxa6 17. Rc1 Nd3+ 0-1

[Event "VII Festival Piemonte Scacchi A"]
[Site "Torino ITA"]
[Date "2007.06.21"]
[Round "1"]
[White "Xausa, Flavio"]
[Black "Gussone, Claudio"]
[Result "1-0"]
[WhiteElo "2050"]
[BlackElo "1914"]
[PlyCount "81"]
[EventDate "2007.06.21"]

1. e4 d6 2. d4 Nf6 3. Nc3 g6 4. f3 Bg7 5. Be3 c6 6. Qd2 O-O 7. g4 e5 8. Nge2
Nbd7 9. O-O-O Qa5 10. Bh6 Bxh6 11. Qxh6 b5 12. h4 b4 13. Nb1 Qxa2 14. h5 Re8
15. Ng3 Nf8 16. b3 Qa5 17. hxg6 fxg6 18. Nh5 Nxh5 19. gxh5 Qc7 20. hxg6 Nxg6
21. Bc4+ Be6 22. Rdg1 Qg7 23. Bxe6+ Rxe6 24. Qd2 a5 25. d5 Rf6 26. dxc6 Qc7 27.
Qd5+ Kh8 28. Qd2 Nf4 29. Rg4 Rf7 30. Rh6 Rd8 31. Qe3 Qxc6 32. Nd2 Rc7 33. Nc4
a4 34. Rf6 a3 35. Rfxf4 a2 36. Kb2 Re7 37. Rf6 Ra8 38. Ka1 Rd7 39. Qb6 Qc5 40.
Qxc5 dxc5 41. Rd6 1-0

[Event "VII Festival Piemonte Scacchi A"]
[Site "Torino ITA"]
[Date "2007.06.21"]
[Round "1"]
[White "Zunino, Davide"]
[Black "Mangione, Claudio"]
[Result "1/2-1/2"]
[WhiteElo "1933"]
[BlackElo "2061"]
[PlyCount "42"]
[EventDate "2007.06.21"]

1. d4 Nf6 2. Bf4 g6 3. e3 Bg7 4. Nf3 O-O 5. Be2 c5 6. c3 b6 7. O-O Bb7 8. Nbd2
d6 9. h3 Nbd7 10. a4 a6 11. Qb1 Rc8 12. Bh2 Rc7 13. Bd3 cxd4 14. exd4 Nd5 15.
Re1 N7f6 16. Ne4 Qd7 17. Qd1 Nxe4 18. Bxe4 Nf6 19. Bd3 b5 20. axb5 axb5 21. Qe2
Bc6 1/2-1/2

[Event "VII Festival Piemonte Scacchi A"]
[Site "Torino ITA"]
[Date "2007.06.22"]
[Round "2"]
[White "Biancotti, Alessandro"]
[Black "Banchio, Davide"]
[Result "0-1"]
[WhiteElo "1856"]
[BlackElo "1937"]
[PlyCount "120"]
[EventDate "2007.06.21"]

1. e4 c5 2. Nf3 d6 3. d4 cxd4 4. Nxd4 Nf6 5. Nc3 g6 6. Be3 Bg7 7. f3 O-O 8. Qd2
Nc6 9. O-O-O Nxd4 10. Bxd4 Be6 11. Kb1 Qc7 12. h4 Rfc8 13. g4 Qa5 14. a3 Rab8
15. h5 b5 16. Qg5 Rc5 17. Bxc5 b4 18. Be3 Qxg5 19. Bxg5 bxc3 20. b3 Bxb3 21.
cxb3 Rxb3+ 22. Kc1 Rxa3 23. Bd3 Ra1+ 24. Bb1 Ra5 25. Bf4 Nd7 26. hxg6 hxg6 27.
Rd5 Ra4 28. Rb5 Nb6 29. Be3 Bd4 30. Bxd4 Rxd4 31. Rd1 Ra4 32. e5 d5 33. Rc5 d4
34. g5 Rb4 35. Ra5 Na4 36. Rd5 c2 37. Kxc2 Rb2+ 38. Kc1 Rxb1+ 39. Kxb1 Nc3+ 40.
Kc2 Nxd5 41. Rxd4 e6 42. Kb3 Kf8 43. Ra4 Ne7 44. Ra6 Nf5 45. Kc4 Nh4 46. Ra3
Ng2 47. Kc5 Nf4 48. Ra4 Nd5 49. Rxa7 Ne7 50. Kd6 Nc8+ 51. Kc7 Nxa7 52. Kb6 Nc8+
53. Kc7 Ne7 54. Kd6 Nf5+ 55. Kc5 Nh4 56. f4 Ng2 57. f5 gxf5 58. Kd6 f4 59. g6
f3 60. gxf7 Kxf7 0-1

[Event "VII Festival Piemonte Scacchi A"]
[Site "Torino ITA"]
[Date "2007.06.22"]
[Round "2"]
[White "Finocchiaro, Gianluca"]
[Black "Zunino, Davide"]
[Result "1/2-1/2"]
[WhiteElo "1939"]
[BlackElo "1933"]
[PlyCount "33"]
[EventDate "2007.06.21"]

1. e4 e5 2. Nf3 Nc6 3. Nc3 Nf6 4. d4 exd4 5. Nxd4 Bc5 6. Be3 Bb6 7. Nxc6 bxc6
8. e5 Bxe3 9. exf6 Bh6 10. fxg7 Bxg7 11. Be2 O-O 12. O-O d5 13. Bf3 Rb8 14. Rb1
Bf5 15. Ne2 Rb4 16. b3 Rh4 17. g3 1/2-1/2

[Event "VII Festival Piemonte Scacchi A"]
[Site "Torino ITA"]
[Date "2007.06.22"]
[Round "2"]
[White "Gallucci, Alessio"]
[Black "Xausa, Flavio"]
[Result "1-0"]
[WhiteElo "1994"]
[BlackElo "2050"]
[PlyCount "111"]
[EventDate "2007.06.21"]

1. e4 c5 2. Nf3 d6 3. d4 cxd4 4. Nxd4 Nf6 5. Nc3 g6 6. Be3 Bg7 7. f3 O-O 8. Qd2
Nc6 9. Bc4 Bd7 10. O-O-O Ne5 11. Bb3 b5 12. Ncxb5 Bxb5 13. Nxb5 Qb8 14. Nd4 Rc8
15. h4 a5 16. a4 Ra7 17. Nb5 Rb7 18. Qxa5 Nc6 19. Qd2 Rxb5 20. axb5 Qxb5 21.
Qd3 Qa5 22. c3 Nb4 23. Qb1 Nd7 24. Kd2 Ne5 25. Ke1 Qb5 26. Bc2 Nxc2+ 27. Qxc2
Nc4 28. Bc1 Qb6 29. Qf2 Qb5 30. Qe2 Qb6 31. h5 g5 32. g3 Rc5 33. h6 Bf6 34. f4
Kf8 35. Kf1 e6 36. Kg2 Ke7 37. Rhe1 Qb7 38. Rd3 Qb6 39. Qf2 Qb5 40. Qc2 Qb7 41.
b3 Na5 42. b4 Qxb4 43. cxb4 Rxc2+ 44. Kf3 Nc6 45. Ba3 Nd4+ 46. Kg4 gxf4 47.
gxf4 Rg2+ 48. Kh3 Rg6 49. e5 Rxh6+ 50. Kg2 Bh4 51. Rc1 Nb5 52. exd6+ Kd7 53.
Rc5 Nxa3 54. Rc7+ Ke8 55. Rxa3 Kf8 56. Ra8+ 1-0

[Event "VII Festival Piemonte Scacchi A"]
[Site "Torino ITA"]
[Date "2007.06.22"]
[Round "2"]
[White "Gussone, Claudio"]
[Black "Sattanino, Andrea"]
[Result "0-1"]
[WhiteElo "1914"]
[BlackElo "1855"]
[PlyCount "108"]
[EventDate "2007.06.21"]

1. Nf3 Nf6 2. g3 d5 3. d4 c6 4. Bg2 Bg4 5. Ne5 Bf5 6. O-O Nbd7 7. f4 Ne4 8. Nd2
Ndf6 9. h3 Nxg3 10. Rf3 Nge4 11. Rb3 Rb8 12. Ndf3 Qc8 13. Qf1 Ng3 14. Qe1 Nge4
15. Ng5 Nxg5 16. fxg5 Ne4 17. Qf1 f6 18. Nxc6 bxc6 19. Rxb8 Qxb8 20. Qxf5 g6
21. Qe6 Qd6 22. Qxd6 Nxd6 23. gxf6 exf6 24. b3 f5 25. c4 Ne4 26. Bf4 Kd7 27.
Be5 Rg8 28. Rc1 Bh6 29. Rc2 Be3+ 30. Kh2 Rc8 31. Bf3 Ng5 32. Bg2 Ne4 33. h4 Nf2
34. Bf3 Ng4+ 35. Bxg4 fxg4 36. Kg3 h5 37. Rc3 Bd2 38. Rd3 Be1+ 39. Kg2 Bxh4 40.
Bg3 g5 41. e3 Rf8 42. Rc3 Rf3 43. Be5 Rf2+ 44. Kg1 Rxa2 45. cxd5 cxd5 46. Rc5
Bf2+ 47. Kf1 Bxe3 48. Rxd5+ Ke6 49. Rd6+ Kf5 50. Rf6+ Ke4 51. Re6 Kd3 52. d5 h4
53. d6 g3 54. Rf6 g2+ 0-1

[Event "VII Festival Piemonte Scacchi A"]
[Site "Torino ITA"]
[Date "2007.06.22"]
[Round "2"]
[White "Mangione, Claudio"]
[Black "Matta, Francesca"]
[Result "1/2-1/2"]
[WhiteElo "2061"]
[BlackElo "1909"]
[PlyCount "91"]
[EventDate "2007.06.21"]

1. d4 Nf6 2. c4 g6 3. Nc3 Bg7 4. e4 d6 5. h3 O-O 6. Bg5 c5 7. d5 e6 8. Bd3 Qb6
9. Qd2 Nbd7 10. Nf3 exd5 11. cxd5 Re8 12. O-O a6 13. Rfe1 Qc7 14. a4 b6 15. Bc4
Bb7 16. Re2 h5 17. Rae1 Nh7 18. Bf4 f6 19. Re3 Ne5 20. Bf1 Bc8 21. Qd1 Bd7 22.
Nd2 Reb8 23. Bh2 b5 24. f4 Bh6 25. axb5 axb5 26. fxe5 Bxe3+ 27. Rxe3 fxe5 28.
Rg3 Kf7 29. Be2 Nf6 30. Rf3 c4 31. Bg3 Kg7 32. Bh4 Rf8 33. b4 cxb3 34. Qxb3
Rab8 35. Kh2 b4 36. Nd1 Qa7 37. Ne3 Ba4 38. Qd3 b3 39. Rf1 b2 40. Nec4 Qc5 41.
Rb1 Rb7 42. Rxb2 Rxb2 43. Nxb2 Bc2 44. Qc4 Nxe4 45. Nxe4 Qxc4 46. Nxc4 1/2-1/2

[Event "VII Festival Piemonte Scacchi A"]
[Site "Torino ITA"]
[Date "2007.06.22"]
[Round "2"]
[White "Parodi, Alessandro"]
[Black "Saccona, Silvano"]
[Result "1/2-1/2"]
[WhiteElo "1988"]
[BlackElo "2159"]
[PlyCount "46"]
[EventDate "2007.06.21"]

1. d4 c6 2. c4 d5 3. Nc3 e6 4. Nf3 dxc4 5. a4 Bb4 6. e4 Nf6 7. Qc2 b5 8. e5 Nd5
9. g3 Bb7 10. Bg2 a6 11. O-O Be7 12. Ne4 h6 13. Bd2 Nd7 14. h3 c5 15. Bc3 Qc7
16. dxc5 Nxc5 17. Nd6+ Kf8 18. axb5 Bxd6 19. exd6 Qxd6 20. Be5 Qb6 21. Qxc4
axb5 22. Rxa8+ Bxa8 23. Qc2 Nb7 1/2-1/2

[Event "VII Festival Piemonte Scacchi A"]
[Site "Torino ITA"]
[Date "2007.06.22"]
[Round "2"]
[White "Ragni, Paolo"]
[Black "Martin, Tiziano"]
[Result "1-0"]
[WhiteElo "2159"]
[BlackElo "2008"]
[PlyCount "87"]
[EventDate "2007.06.21"]

1. e4 e5 2. Nf3 Nc6 3. Bb5 Nf6 4. O-O d6 5. d4 exd4 6. Nxd4 Bd7 7. Bxc6 bxc6 8.
Nc3 Be7 9. Re1 O-O 10. Bg5 Re8 11. Qd2 Rb8 12. b3 Ng4 13. Bxe7 Qxe7 14. h3 Nf6
15. Rad1 Qe5 16. Nf3 Qh5 17. Qf4 Qa5 18. Qe3 Re7 19. Qd2 Qh5 20. Re3 Rbe8 21.
Rde1 h6 22. Qe2 Nh7 23. Nd2 Qxe2 24. R3xe2 Nf8 25. Nf3 Ng6 26. Kh2 Kf8 27. g3
f5 28. exf5 Bxf5 29. Nd4 Rxe2 30. Rxe2 Rxe2 31. Ncxe2 Bd7 32. g4 Ne7 33. c4 c5
34. Nc2 c6 35. Kg3 d5 36. Ne3 d4 37. Nd1 Ng6 38. f4 Kf7 39. Nc1 Nf8 40. Nd3 Ne6
41. f5 Nf8 42. N1f2 g6 43. Kf4 Nh7 44. fxg6+ 1-0

[Event "VII Festival Piemonte Scacchi A"]
[Site "Torino ITA"]
[Date "2007.06.22"]
[Round "2"]
[White "Viglino, Antonio"]
[Black "D'Amato, Piergiorgio"]
[Result "1/2-1/2"]
[WhiteElo "1847"]
[BlackElo "1938"]
[PlyCount "83"]
[EventDate "2007.06.21"]

1. Nf3 Nf6 2. c4 g6 3. Nc3 Bg7 4. e4 d6 5. d4 O-O 6. Be2 e5 7. O-O Nc6 8. d5
Ne7 9. b4 Nd7 10. Nd2 f5 11. c5 Nf6 12. f3 Bh6 13. Nc4 Bg7 14. a4 a6 15. Be3
Ne8 16. Qb3 Kh8 17. b5 dxc5 18. Bxc5 Nd6 19. b6 Nxc4 20. Bxc4 cxb6 21. Bxb6 Qe8
22. Rfd1 fxe4 23. Nxe4 Nf5 24. Rac1 Nd4 25. Bxd4 exd4 26. Re1 Qd8 27. Nc5 Bh6
28. Rcd1 Be3+ 29. Rxe3 dxe3 30. Qxe3 Qf6 31. d6 b5 32. Bd5 Ra7 33. Ne6 Bxe6 34.
Bxe6 Raa8 35. d7 Rad8 36. axb5 axb5 37. Rc1 b4 38. Rb1 Qc3 39. Qxc3+ bxc3 40.
Rc1 Kg7 41. Rxc3 Kf6 42. Re3 1/2-1/2

[Event "VII Festival Piemonte Scacchi A"]
[Site "Torino ITA"]
[Date "2007.06.22"]
[Round "2"]
[White "Vozza, Nicola"]
[Black "Ranieri, Fabrizio"]
[Result "0-1"]
[WhiteElo "1995"]
[BlackElo "2243"]
[PlyCount "76"]
[EventDate "2007.06.21"]

1. d4 d5 2. c4 e6 3. Nc3 Nf6 4. cxd5 exd5 5. Bg5 Be7 6. e3 c6 7. Bd3 Nbd7 8.
Nge2 O-O 9. Qc2 Re8 10. O-O Nf8 11. f3 Nh5 12. Bxe7 Qxe7 13. e4 Be6 14. Rad1 g6
15. Kh1 Rad8 16. Qc1 Qh4 17. Bb1 dxe4 18. fxe4 Bc4 19. Qe3 Ne6 20. a3 Rd7 21.
Ba2 Neg7 22. Qf2 Qxf2 23. Rxf2 Be6 24. d5 cxd5 25. Nxd5 Bg4 26. Nf6+ Nxf6 27.
Rxd7 Bxd7 28. Rxf6 Be6 29. Bxe6 Nxe6 30. Nc3 Nc5 31. Kg1 Nxe4 32. Nxe4 Rxe4 33.
Kf2 Rc4 34. b4 Rc2+ 35. Kg1 Rc3 36. a4 Rc4 37. Rd6 Rxb4 38. Rd7 a5 0-1

[Event "VII Festival Piemonte Scacchi A"]
[Site "Torino ITA"]
[Date "2007.06.23"]
[Round "3"]
[White "Banchio, Davide"]
[Black "Mangione, Claudio"]
[Result "1-0"]
[WhiteElo "1937"]
[BlackElo "2061"]
[PlyCount "73"]
[EventDate "2007.06.21"]

1. e4 c5 2. Nc3 Nc6 3. f4 g6 4. Nf3 Bg7 5. Bb5 Nd4 6. O-O Nxb5 7. Nxb5 d5 8.
exd5 a6 9. Nc3 Nf6 10. d4 c4 11. Qe2 b5 12. Ne5 Nxd5 13. Nc6 Nxc3 14. bxc3 Qd7
15. Ba3 Qe6 16. Qf3 Bb7 17. d5 Bxc6 18. dxc6 O-O 19. Rae1 Qf5 20. c7 Qxc2 21.
Bxe7 Rfc8 22. Bd8 Bxc3 23. Re8+ Kg7 24. Qxa8 Rxa8 25. Bf6+ Kxf6 26. Rxa8 Qe2
27. Rd8 Ba5 28. Rd6+ Ke7 29. c8=Q Kxd6 30. Qxa6+ Kc5 31. Qxa5 Qe3+ 32. Kh1 Qd3
33. Re1 f6 34. a4 Qb3 35. Qxb5+ Qxb5 36. axb5 Kxb5 37. Kg1 1-0

[Event "VII Festival Piemonte Scacchi A"]
[Site "Torino ITA"]
[Date "2007.06.23"]
[Round "3"]
[White "D'Amato, Piergiorgio"]
[Black "Biancotti, Alessandro"]
[Result "1-0"]
[WhiteElo "1938"]
[BlackElo "1856"]
[PlyCount "77"]
[EventDate "2007.06.21"]

1. e4 c5 2. Nf3 d6 3. d4 cxd4 4. Nxd4 Nf6 5. Nc3 g6 6. Be3 Bg7 7. f3 O-O 8. Qd2
Nc6 9. Bc4 Bd7 10. O-O-O Rc8 11. Bb3 Ne5 12. g4 b5 13. h4 b4 14. Nce2 Nc4 15.
Bxc4 Rxc4 16. Kb1 h5 17. gxh5 Nxh5 18. Bh6 Qa5 19. Bxg7 Kxg7 20. Rhg1 Rh8 21.
Rg5 Qb6 22. Qd3 Rc5 23. Nf5+ Kf8 24. Qd4 Nf6 25. Nxd6 Rxg5 26. Qxb6 axb6 27.
hxg5 exd6 28. gxf6 Rh3 29. Rxd6 Rxf3 30. Rxd7 Rxf6 31. b3 g5 32. Rd4 Rf2 33.
Nc1 g4 34. e5 g3 35. Rg4 g2 36. Kb2 Ke7 37. Nd3 Re2 38. Kc1 Ke6 39. Nf4+ 1-0

[Event "VII Festival Piemonte Scacchi A"]
[Site "Torino ITA"]
[Date "2007.06.23"]
[Round "3"]
[White "Finocchiaro, Gianluca"]
[Black "Viglino, Antonio"]
[Result "1/2-1/2"]
[WhiteElo "1939"]
[BlackElo "1847"]
[PlyCount "91"]
[EventDate "2007.06.21"]

1. e4 c5 2. Nf3 Nc6 3. c3 d5 4. exd5 Qxd5 5. d4 Nf6 6. Be2 e6 7. Na3 cxd4 8.
Nb5 Qd8 9. cxd4 Bb4+ 10. Bd2 Bxd2+ 11. Qxd2 O-O 12. O-O a6 13. Nc3 Nb4 14. Ne5
Nbd5 15. Bf3 b6 16. Nc6 Qd6 17. Nxd5 Nxd5 18. Bxd5 exd5 19. Rac1 Bd7 20. Qb4
Qxb4 21. Nxb4 Bb5 22. Rfe1 Rfd8 23. Re5 Rac8 24. Rce1 Rc4 25. Rxd5 Rxd5 26.
Nxd5 Rxd4 27. Nxb6 Rd2 28. a4 Bc6 29. Nc4 Rc2 30. b3 Kf8 31. h3 Rc3 32. Ne5 Be8
33. Rb1 f6 34. Nf3 a5 35. Nd4 Rd3 36. Ne6+ Kg8 37. Nc5 Rd5 38. Rc1 Kf7 39. Rc3
h6 40. Nb7 Rd1+ 41. Kh2 Rd5 42. Rc8 Ke7 43. Rc7+ Kf8 44. Rc8 Kf7 45. Ra8 Rd3
46. Ra7 1/2-1/2

[Event "VII Festival Piemonte Scacchi A"]
[Site "Torino ITA"]
[Date "2007.06.23"]
[Round "3"]
[White "Martin, Tiziano"]
[Black "Vozza, Nicola"]
[Result "1-0"]
[WhiteElo "2008"]
[BlackElo "1995"]
[PlyCount "65"]
[EventDate "2007.06.21"]

1. d3 d5 2. c3 e5 3. Nf3 Nc6 4. Qc2 Nf6 5. e4 Be7 6. Be2 h6 7. b4 a6 8. a3 O-O
9. Nbd2 Re8 10. h3 Bf8 11. Nf1 g6 12. g4 dxe4 13. dxe4 Nh7 14. Ng3 Bg7 15. Be3
Be6 16. Rd1 Qf6 17. Qc1 Rad8 18. Rxd8 Rxd8 19. Bxh6 Bxh6 20. Qxh6 Qf4 21. Qxf4
exf4 22. Nf1 f5 23. gxf5 gxf5 24. e5 Kf7 25. Rg1 Bd5 26. N1d2 Rg8 27. Rxg8 Kxg8
28. Bc4 Bxc4 29. Nxc4 b5 30. Nb2 Kf7 31. Nd3 Nf8 32. Nxf4 Ne6 33. Nxe6 1-0

[Event "VII Festival Piemonte Scacchi A"]
[Site "Torino ITA"]
[Date "2007.06.23"]
[Round "3"]
[White "Matta, Francesca"]
[Black "Parodi, Alessandro"]
[Result "1/2-1/2"]
[WhiteElo "1909"]
[BlackElo "1988"]
[PlyCount "42"]
[EventDate "2007.06.21"]

1. e4 d6 2. d4 Nf6 3. Nc3 g6 4. f4 Bg7 5. Nf3 O-O 6. Bd3 Na6 7. O-O c5 8. d5
Bg4 9. h3 Bxf3 10. Qxf3 Nc7 11. Be3 a6 12. a4 b6 13. g4 Rb8 14. Qe2 b5 15. axb5
axb5 16. Qg2 Nd7 17. Rfb1 Nb6 18. Nxb5 Nbxd5 19. exd5 Nxb5 20. c3 Qd7 21. Ra5
Rb7 1/2-1/2

[Event "VII Festival Piemonte Scacchi A"]
[Site "Torino ITA"]
[Date "2007.06.23"]
[Round "3"]
[White "Ranieri, Fabrizio"]
[Black "Ragni, Paolo"]
[Result "1-0"]
[WhiteElo "2243"]
[BlackElo "2159"]
[PlyCount "127"]
[EventDate "2007.06.21"]

1. e4 c5 2. Nf3 Nc6 3. d4 cxd4 4. Nxd4 Nf6 5. Nc3 d6 6. Be3 e5 7. Nf3 Be7 8.
Bc4 O-O 9. h3 a6 10. a4 Be6 11. Qe2 Bxc4 12. Qxc4 Rc8 13. Qe2 Qc7 14. O-O Na5
15. Bg5 Qc4 16. Qd2 Qe6 17. Bxf6 Bxf6 18. Nd5 Bd8 19. Rad1 Nc6 20. Ne3 Be7 21.
c4 a5 22. b3 Rfd8 23. Nd5 Bf8 24. Qd3 h6 25. Rd2 Rb8 26. Rfd1 Rbc8 27. Qe3 g6
28. Kh2 Kh7 29. Qb6 Rb8 30. Kg1 Kg7 31. Nc7 Qf6 32. Nb5 Rd7 33. c5 Rbd8 34. Nh2
Qe6 35. Nc7 Rxc7 36. Qxc7 Qxb3 37. cxd6 Qxa4 38. Nf3 Qxe4 39. d7 Bb4 40. Rd5
Qc2 41. Nxe5 Be7 42. R5d2 Qc3 43. Nxc6 bxc6 44. Re2 Qf6 45. Kh1 a4 46. Rde1 Bd6
47. Qxc6 Bb4 48. Qxf6+ Kxf6 49. Rd1 Be7 50. Kh2 Ra8 51. g3 a3 52. Ra2 Rd8 53.
Kg2 Bb4 54. Rc2 Be7 55. Kf3 Kg7 56. Rc7 Kf6 57. Ke4 Bb4 58. Kd5 a2 59. Kc6 Bc3
60. Ra7 a1=Q 61. Raxa1 Bxa1 62. Rxa1 Ke7 63. Re1+ Kf8 64. Kc7 1-0

[Event "VII Festival Piemonte Scacchi A"]
[Site "Torino ITA"]
[Date "2007.06.23"]
[Round "3"]
[White "Saccona, Silvano"]
[Black "Gallucci, Alessio"]
[Result "1-0"]
[WhiteElo "2159"]
[BlackElo "1994"]
[PlyCount "99"]
[EventDate "2007.06.21"]

1. d4 c5 2. c3 d5 3. Nf3 Nc6 4. dxc5 a5 5. Nd4 e5 6. Nxc6 bxc6 7. b4 Ba6 8. e3
Bxf1 9. Kxf1 g6 10. Bb2 Bg7 11. a3 Ne7 12. Nd2 f5 13. Nf3 O-O 14. Qb3 Kh8 15.
h4 h6 16. Rd1 Qb8 17. Kg1 f4 18. Re1 fxe3 19. Rxe3 Nf5 20. Re1 e4 21. Nd4 Bxd4
22. cxd4 Qf4 23. b5 Nd6 24. Qc2 Nxb5 25. Bc1 Qf6 26. Rd1 Kh7 27. Qd2 Qg7 28.
Rh3 a4 29. Qb4 Rf5 30. Be3 Rh5 31. Qd2 Rf5 32. Qb4 Qa7 33. Rf1 Qe7 34. Bc1 Rh5
35. Qd2 Rf8 36. Re1 Qf6 37. Rd1 Rxh4 38. Rxh4 Qxh4 39. Re1 Rf5 40. Re3 Nxd4 41.
Bb2 Nb3 42. Rxb3 Qe7 43. Qd4 Rf8 44. Rb6 e3 45. Qxe3 Qd7 46. Qd4 Re8 47. Bc3
Rg8 48. Qf6 d4 49. Qxd4 Qc7 50. Qd6 1-0

[Event "VII Festival Piemonte Scacchi A"]
[Site "Torino ITA"]
[Date "2007.06.23"]
[Round "3"]
[White "Xausa, Flavio"]
[Black "Fittante, Giuliana"]
[Result "1/2-1/2"]
[WhiteElo "2050"]
[BlackElo "1839"]
[PlyCount "63"]
[EventDate "2007.06.21"]

1. d4 d5 2. g3 Nf6 3. Bg2 c6 4. Nf3 g6 5. O-O Bg7 6. b3 Nbd7 7. Bb2 Ne4 8. Nfd2
Nxd2 9. Nxd2 Nb6 10. e3 Be6 11. Qe2 Qd7 12. Rfe1 Bh3 13. Bf3 O-O-O 14. c4 dxc4
15. Nxc4 Nxc4 16. bxc4 h5 17. d5 Bxb2 18. Qxb2 c5 19. Qa3 b6 20. d6 exd6 21.
Qa6+ Kb8 22. a4 Qc8 23. Qxc8+ Bxc8 24. a5 Bb7 25. Be2 h4 26. g4 Rhe8 27. h3 Kc7
28. Bd3 Re7 29. Kf1 Rde8 30. Re2 Be4 31. axb6+ axb6 32. Bxe4 1/2-1/2

[Event "VII Festival Piemonte Scacchi A"]
[Site "Torino ITA"]
[Date "2007.06.23"]
[Round "3"]
[White "Zunino, Davide"]
[Black "Sattanino, Andrea"]
[Result "1-0"]
[WhiteElo "1933"]
[BlackElo "1855"]
[PlyCount "47"]
[EventDate "2007.06.21"]

1. d4 d5 2. Bf4 Nf6 3. e3 Bf5 4. c4 dxc4 5. Bxc4 e6 6. Nc3 a6 7. Nf3 Nbd7 8.
O-O Be7 9. h3 h6 10. Qe2 O-O 11. e4 Bh7 12. e5 Ne8 13. d5 exd5 14. Bxd5 Nb6 15.
Rfd1 Nxd5 16. Nxd5 Kh8 17. Nb6 Qb8 18. Nxa8 Qxa8 19. Rd7 Bc5 20. Qc4 Qa7 21.
Bg3 Bg8 22. b4 Bb6 23. Qh4 c6 24. Qe7 1-0

[Event "VII Festival Piemonte Scacchi A"]
[Site "Torino ITA"]
[Date "2007.06.23"]
[Round "4"]
[White "Banchio, Davide"]
[Black "Gallucci, Alessio"]
[Result "0-1"]
[WhiteElo "1937"]
[BlackElo "1994"]
[PlyCount "40"]
[EventDate "2007.06.21"]

1. e4 c5 2. Nc3 d6 3. f4 g6 4. Nf3 Bg7 5. Bc4 e6 6. O-O Ne7 7. d3 O-O 8. Qe1
Nbc6 9. f5 exf5 10. Qh4 Be6 11. Bh6 fxe4 12. Bxg7 Kxg7 13. Ng5 h6 14. Nxe6+
fxe6 15. Rxf8 Qxf8 16. Nxe4 Nf5 17. Qh3 d5 18. g4 dxc4 19. gxf5 exf5 20. Rf1
Qe7 0-1

[Event "VII Festival Piemonte Scacchi A"]
[Site "Torino ITA"]
[Date "2007.06.23"]
[Round "4"]
[White "D'Amato, Piergiorgio"]
[Black "Xausa, Flavio"]
[Result "1/2-1/2"]
[WhiteElo "1938"]
[BlackElo "2050"]
[PlyCount "102"]
[EventDate "2007.06.21"]

1. e4 c5 2. Nf3 d6 3. d4 cxd4 4. Nxd4 Nf6 5. Nc3 g6 6. Be3 Bg7 7. f3 O-O 8. Qd2
Nc6 9. O-O-O d5 10. Nxc6 bxc6 11. exd5 Nxd5 12. Nxd5 cxd5 13. Bh6 Bb7 14. h4 e5
15. h5 Qf6 16. Bg5 Qc6 17. Bh6 Qf6 18. Bg5 Qc6 19. Bh6 Bxh6 20. Qxh6 Rac8 21.
Rd2 Qf6 22. hxg6 Qxg6 23. Qe3 Qg7 24. g4 d4 25. Qf2 h6 26. Bd3 Rfe8 27. Re1 Qf6
28. Qg3 Re7 29. Kd1 Rce8 30. Rde2 Ba6 31. Rd2 Kg7 32. Be4 Rb8 33. b3 Rbe8 34.
Rh1 Rh8 35. Rdh2 Qf4 36. Qxf4 exf4 37. g5 Re6 38. Rxh6 Rhxh6 39. Rxh6 Rxh6 40.
gxh6+ Kxh6 41. Kd2 Kg5 42. c4 dxc3+ 43. Kxc3 Kh4 44. Kd2 Bb5 45. Bd5 f6 46. Be4
Kg3 47. Ke1 a5 48. a3 Bd7 49. Bd5 Kg2 50. Ke2 Bb5+ 51. Ke1 Kg3 1/2-1/2